000
00278nam a22001217a 4500
008
181030b xxu||||| |||| 00| 0 eng d
041
_a
eng
080
_2
5 ed
_a
341
100
_a
26
101
_a
ENG
245
_a
Cases And Materials On Torts
_c
rEPSTEIN.p
942
_2
udc
_c
BK
999
_c
51164
_d
51164